| 000 | 00700nam a2200241 a 4500 | ||
|---|---|---|---|
| 001 | 000022874 | ||
| 005 | 20200930021841.0 | ||
| 008 | 101120s1979 cr 000 p spa d | ||
| 040 |
_aDO-SdBNP _bspa _cBNPHU |
||
| 082 |
_aN861.3 _bD218az, 1979 |
||
| 100 | 1 |
_aDarío, Rubén, _d1867-1916 _915535 |
|
| 245 | 1 | 0 |
_aAzul / _cRubén Darío. |
| 250 | _a3a ed. | ||
| 260 |
_aCosta Rica : _bUniversitaria Centroamericana (EDUCA), _c1979. |
||
| 300 |
_a138, [2] p. ; _c17 cm. |
||
| 490 | 1 | _aSéptimo día | |
| 650 | 4 |
_aPoesía nicaragüense _98179 |
|
| 650 | 4 |
_aProsa nicaragüense _914173 |
|
| 650 | 4 |
_aLiteratura nicaragüense _98122 |
|
| 830 | 0 |
_aSéptimo día _924471 |
|
| 910 | _aWM | ||
| 049 | _aBNGR | ||
| 999 |
_c22371 _d22371 |
||